000 00874nam a2200241Ia 4500
001 dia_1079
003 CHAP
005 20230119121800.0
008 220117s1971 xx 000 0 und d
010 _a171627
040 _cCHAP
082 _a338.972 C64
111 _aCongreso Nacional de Desarrollo Regional y Comercio Exterior. México
_9149976
245 _aPrimer Congreso Nacional de Desarrollo Regional y Comercio Exterior. Memoria /
_c por el Congreso Nacional de Desarrollo Regional y Comercio Exterior. México
260 _aMéxico
_c1971
300 _a385 p.
650 _a1.Desarrollo económico
_xMéxico
_xDiscurso, ensayos, conferencias /
_9149977
650 _aComercio exterior
_xMéxico
_xCongresos
_9149978
901 _a338.972 C64
902 _aM
905 _a0000001971 MX X 0000000000SPA00
942 _cLIBRO
_2ddc
999 _c171627
_d171627